Thủ thuật Word : 2000/2002/2003

Uloženo v:
Podrobná bibliografie
Hlavní autor: Đoàn, Khắc Độ
Médium: Kniha
Jazyk:Undetermined
Vydáno: Hà Nội Thanh niên 2004
Témata:
Tagy: Přidat tag
Žádné tagy, Buďte první, kdo otaguje tento záznam!
Thư viện lưu trữ: Trung tâm Học liệu Trường Đại học Cần Thơ
LEADER 00563nam a2200205Ia 4500
001 CTU_94593
008 210402s9999 xx 000 0 und d
020 |c 16000 
082 |a 005.3 
082 |b Đ450 
100 |a Đoàn, Khắc Độ 
245 0 |a Thủ thuật Word : 
245 0 |b 2000/2002/2003 
245 0 |c Đoàn Khắc Độ, Thành Tân 
260 |a Hà Nội 
260 |b Thanh niên 
260 |c 2004 
650 |a Winword (Computer programs) 
904 |i Năm 
980 |a Trung tâm Học liệu Trường Đại học Cần Thơ